Statistics for College Football Matchups: Rutgers

Click here to take the quiz!

General Stats

  • This quiz has been taken 46 times
  • The average score is 9 of 16

Answer Stats

# of GamesOpponentLast Meeting% Correct
32Penn State11/20/2021
87%
33Connecticut11/30/2013
74%
71Princeton09/27/1980
71%
44Syracuse09/11/2021
71%
39West Virginia11/29/2011
71%
27Boston College09/21/2019
68%
30Pittsburgh11/24/2012
68%
37Temple09/04/2021
68%
40Army11/21/2015
65%
25Navy09/20/2014
58%
49Columbia10/28/1978
52%
32Delaware09/18/2021
52%
74Lehigh10/15/1977
35%
71Lafayette11/08/1975
32%
*19Cincinnati11/16/2013
29%
42Colgate09/04/1993
23%

Score Distribution

Percentile by Number Answered

Percent of People with Each Score

Your Score History

You have not taken this quiz